| 000 | 00736nmc a2200277 a 4500 | ||
|---|---|---|---|
| 003 | AR-BaBNM | ||
| 005 | 20251128204454.0 | ||
| 008 | 037019s1993 ||||||||||||||000 | spa|| | ||
| 020 | _a950-07-0777-2 | ||
| 040 | _cAR-BaBNM | ||
| 100 | 1 | _aSiemens, Sandra | |
| 245 | 1 | 0 | _aEl bandido de los mares |
| 260 |
_aBuenos Aires _bSudamericana _c1993 |
||
| 300 |
_a16 p. _bil. |
||
| 490 | 0 |
_aLibros del bolsillo _vv. 26 |
|
| 500 | _aContiene nota de la editora a los lectores | ||
| 650 | 4 | _aCUENTO INFANTIL | |
| 650 | 4 | _aLITERATURA INFANTIL | |
| 650 | 4 | _aLIBROS PARA NINOS | |
| 653 | _aRELATO DE AVENTURAS | ||
| 655 | _aLITERATURA | ||
| 700 | 1 |
_aDreizzen, Alberto _eilustrador |
|
| 800 | 0 | _aCanela | |
| 942 | _cBK | ||
| 998 | _cLAURA | ||
| 999 |
_c7554 _d7554 |
||